MDQL
is popping MORE tags! Check the
thread
!
Quizzes
Events
Quiz Creation
Community
Videos
Private Events
Remove Ads
Sign In
Join for FREE
Feedback
Dark Mode
Quiz Categories
Sports
Geography
Music
Movies
Television
Just For Fun
Miscellaneous
History
Literature
Language
Science
Gaming
Entertainment
Religion
Holiday
For Kids
Quiz Lab
Recent
Popular Today
Quiz Kudos Today
Editor Picks
Curator Picks
Quizzes by...
Day
Popularity
Type
Ratings
Length
Year
Community
Subscriptions
Recent Discussions
Orange Saloon
Badges
Playlists
Quests
Create
Leaderboards
Showdown
Live 5
Trivia Bingo
Activity
Puzzle Library
Sporcle Events
Private Events
Virtual Trivia
Globe League
Become a Host
Pub Owners
SporcleCon
Opinionation
Our Games
Videos
Blog
Mobile Apps
Partnerships
Remove Ads and Go Orange
Feedback
Music
Pop Music
The Beatles
Song
Album
Lyrics
Bands
Singers
Artist
Clip
Rock
Rap
Classical
Billboard
Country Music
Kpop
Taylor Swift
Music
Pop Music
The Beatles
Song
Album
Lyrics
Bands
Singers
Artist
Clip
Rock
Rap
Classical
Billboard
Country Music
Kpop
Taylor Swift
Random Quiz
Search Sporcle
×
Quiz Lab
Quiz Lab
Music
Lyrics
Type in answers that appear in a list
Type in answers that appear in a list
Classic
Best Score? Go Orange.
'Me voy' Lyrics by TeenAngels Stats
Can you name the lyrics from this TeenAngels song?
By
lolmusiclol
10m
250 Questions
105 Plays
105 Plays
105 Plays
Comments
Comments
Give Quiz Kudos
Give Quiz Kudos
-
- Ratings
hide this ad
Replay
Link that replays current quiz
Next Quiz
Link to next quiz in quiz playlist
You Got
0%
They Got
Avg Score
82%
Avg Friend Score
Upgrade to see
Score Distribution
Jump to the score distribution portion of the page
Score
0/250
Timer
10:00
0
Plays Today
% Correct
Me
97.1%
Me
97.1%
Me
97.1%
me
97.1%
Me
97.1%
me
97.1%
me
97.1%
me
97.1%
me
97.1%
me
97.1%
me
97.1%
Me
97.1%
voy,
96.2%
voy,
96.2%
voy
96.2%
voy,
96.2%
voy,
96.2%
y
94.3%
Y
94.3%
y
94.3%
y
94.3%
y
94.3%
Y
94.3%
y
94.3%
Y
94.3%
y
94.3%
Y
94.3%
y
94.3%
y
94.3%
y
94.3%
Y
94.3%
y
94.3%
y
94.3%
te
92.4%
te
92.4%
a
92.4%
te
92.4%
a
92.4%
te
92.4%
te
92.4%
te
92.4%
te
92.4%
a
92.4%
a
92.4%
a
92.4%
te
92.4%
a
92.4%
te
92.4%
te
92.4%
a
92.4%
te
92.4%
a
92.4%
te
92.4%
te
92.4%
te
92.4%
de
91.4%
de
91.4%
de
91.4%
de
91.4%
de
91.4%
de
91.4%
de
91.4%
no
90.5%
no
90.5%
No
90.5%
no
90.5%
No
90.5%
no
90.5%
no
90.5%
no
90.5%
No
90.5%
no
90.5%
no
90.5%
no
90.5%
No
90.5%
no
90.5%
no
90.5%
no
90.5%
ya
88.6%
ya
88.6%
ya
88.6%
en
88.6%
ya.
88.6%
ya
88.6%
% Correct
si
87.6%
si
87.6%
la
87.6%
la
87.6%
si
87.6%
si
87.6%
la
87.6%
la
87.6%
si
87.6%
si
87.6%
la
87.6%
tan
85.7%
tan
85.7%
que
85.7%
tan
85.7%
que
85.7%
tan
85.7%
encuentro,
84.8%
lejos.
84.8%
encuentro
84.8%
lejos.
84.8%
encuentro
84.8%
lejos.
84.8%
encuentro
84.8%
lejos.
84.8%
tengo.
83.8%
nunca
83.8%
nunca
83.8%
nunca
83.8%
tengo.
83.8%
volver.
82.9%
llave
82.9%
Volver
82.9%
volver
82.9%
volver
82.9%
llave
82.9%
llave
82.9%
llave
82.9%
llave
82.9%
llave,
82.9%
llave
82.9%
llave
82.9%
llave
82.9%
llave
82.9%
para
81.9%
para
81.9%
para
81.9%
para
81.9%
para
81.9%
deje
81.9%
fui
81%
mi
81%
mi
81%
sola
80%
pierdo,
80%
sola
80%
pierdo,
80%
sola
80%
sola
80%
sola
80%
sola
80%
sola
80%
sola
80%
sola
80%
sola
80%
pierdo,
80%
veo.
79%
otra
79%
vez
79%
vas,
79%
por
79%
por
79%
otra
79%
vez
79%
vas,
79%
otra
79%
vez
79%
vas,
79%
quedo
78.1%
dejes
78.1%
tus
78.1%
quedo
78.1%
dejes
78.1%
tus
78.1%
% Correct
quedo
78.1%
dejes
78.1%
tus
78.1%
buscándome,
77.1%
dejarte
77.1%
al
77.1%
fin
77.1%
recuerdos.
77.1%
dejarte
77.1%
al
77.1%
fin
77.1%
recuerdos.
77.1%
Con
77.1%
con
77.1%
con
77.1%
Con
77.1%
Con
77.1%
con
77.1%
con
77.1%
dejarte
77.1%
al
77.1%
fin
77.1%
recuerdos.
77.1%
volveré
76.2%
volveré
76.2%
buscar,
76.2%
volveré
76.2%
volveré
76.2%
volveré
76.2%
volveré
76.2%
una
75.2%
una
75.2%
una
75.2%
una
75.2%
una
75.2%
una
75.2%
una
75.2%
comprender.
74.3%
dejo
74.3%
perderte,
74.3%
perderte,
74.3%
perderte,
74.3%
intento
73.3%
paro
73.3%
llorar,
72.4%
las
72.4%
es
72.4%
buscaré
71.4%
buscaré
71.4%
fuera,
71.4%
cuando
71.4%
probá,
71.4%
intenta,
71.4%
será.
71.4%
probá,
71.4%
intenta,
71.4%
será,
71.4%
nuevo.
70.5%
besarte
69.5%
dentro,
69.5%
todas
69.5%
alma
69.5%
más.
69.5%
quedarme.
68.6%
puertas.
68.6%
cuerpo
68.6%
intentar
68.6%
probar
68.6%
el
68.6%
sentirte,
67.6%
silencio
67.6%
nadie
65.7%
encontrarte,
64.8%
saldrá
64.8%
nada
64.8%
gritando
63.8%
aunque
63.8%
derribar
61%
haya
61%
candado
56.2%
rompa
54.3%
viajar,
50.5%
Quiz Playlist
Details
Report
Send in Message
Add To Playlist
Classic:
Type in answers that appear in a list
Last Updated: Feb 16, 2017
Quiz Scoreboard
CHALLENGE
Sign Up to Join the Scoreboard
Show All
Scores
Hide
Comments
May contain spoilers
Recently Published
1-10 Letter E Words III
by El_Dandy
Language
2m
Street Fighter Characters
by Artimus82
Gaming
60s
College Basketball Coaching Resumes
by pancakes188
Sports
9m
More to Explore
Quiz From the Vault
Featured Blog Post
Where Did the Easter Bunny Come From?
hide this ad
You Might Also Like...
Tags
Lyrics Quiz
TV Show Quiz
2010
2010s
Letras
Telenovela
Today's Top Quizzes in Music
Browse Music
hide this ad
Today's Top Quizzes in Lyrics
Browse Lyrics
Top Contributed Quizzes in Music
1
Taylor Swift All Songs (2024)
2
Taylor Swift Logic Puzzle
3
Guess the Artist- 70s Songs
4
7-to-1: Billboard Hot 100 #1 Hits of 2010s
5
Sorting Albums and Songs
6
KPOP LOGIC QUIZ
7
Billboard Blitz: Aretha Franklin
8
Guess the Taylor Swift song (Mystery Song)
9
Guess The Taylor Swift Lyrics Song #1
10
Billboard Blitz: ABBA
Explore More
Trending Topics
Harry Potter
Marvel
Kpop
Disney
Crossword
Anime
NBA
Country
Puzzle
The Office
WWE
Pokémon
Song
Soccer
NFL
hide this ad
More By:
lolmusiclol
Quiz
Plays
Rating
Category
Featured
Created
'Irreplaceable' Lyrics
21,762
4.50
Music
Jul 29, 2015
'Black magic' Lyrics by Little Mix
7,186
4.93
Music
Jul 5, 2015
'One last time' Lyrics by Ariana Grande
6,799
4.91
Music
Jul 5, 2015
'Treat you better' Lyrics by Shawn Mendes
6,130
4.67
Music
Aug 4, 2016
'Thinking out loud' Lyrics by Ed Sheeran
6,009
4.57
Music
Jan 1, 2015
Go to Creator's Profile
Score Distribution
Quiz Creator Spotlight
lolmusiclol
Follow
Send a Message
Quizzes Created
-
Created Quiz Play Count
-
More By This Creator
Popular Quizzes Today
1
Find the US States - No Outlines Minefield
2
Find the Countries of Europe - No Outlines Minefield
3
The Countries of the World
4
Find the US States
5
Risky Map Clicking: Biggest States A-Z
6
US States
7
Popular People in 1961
8
Movies - When Are They Set?
More Music Quizzes
BTS Music Videos Without BTS
Quiz Lab
Trending Quizzes
Risky Map Clicking: Least Populous States A-Z
1-10 Letter G Words
1-10 Letter F Words
Countries of the World: 200 Million BC
Risky Map Clicking: Next State Alphabetically
Recently Updated
Beyoncé Albums
pecheneg
Leaping Animals
pecheneg
Reality TV Shows (A-Z)
bhenderson79
Rickey Henderson's Hall of Fame Teammates
pecheneg
Champions League XIs: Arsenal
pecheneg
Quick Pick: Celebrities in WWE's Hall of Fame
aduchscher
A-Z Keypad Blitz II
pecheneg
Multiple Oscar Actors
pecheneg
Mystery Phrase Blitz: Oscar 'Best Actors'
pecheneg
F. Scott Fitzgerald Novels
LTH
Trending Topics
Harry Potter
Anime
Kpop
Crossword
Disney
Marvel
NBA
Pokémon
NFL
Song
WWE
Country
The Office
Puzzle
Soccer
Your Account Isn't Verified!
In order to create a playlist on Sporcle, you need to verify the email address you used during registration. Go to your
Sporcle Settings
to finish the process.
Report this User
Report this user for behavior that violates our
Community Guidelines
.
Details:
Send Report
Go to the Sporcle.com Mobile Site →
Comments